[Event "Plzen, FSB A"]
[Site "?"]
[Date "2000.??.??"]
[Round "2"]
[White "Drahorad, D."]
[Black "Vladyka, V."]
[Result "1/2-1/2"]
[WhiteElo "1815"]
[BlackElo "2065"]
[PlyCount "52"]
[EventDate "2000.??.??"]
[Source "ChessBase"]
[SourceDate "1996.11.15"]

1. e4 c5 2. Nc3 Nc6 3. f4 g6 4. Nf3 Bg7 5. Bb5 d6 6. O-O Bd7 7. Kh1 Nh6 8. d3
f5 9. Bxc6 bxc6 10. Ne2 O-O 11. c3 e6 12. Qc2 Nf7 13. Be3 Qa5 14. h3 Rab8 15.
g4 Qb5 16. Rab1 a5 17. Ng3 c4 18. d4 Nh6 19. g5 Nf7 20. e5 d5 21. Rg1 a4 22. a3
Qa5 23. h4 Rb5 24. h5 Re8 25. hxg6 hxg6 26. Nh4 Nh8 1/2-1/2

[Event "Plzen, FSB A"]
[Site "?"]
[Date "2000.??.??"]
[Round "2"]
[White "Hoff, T."]
[Black "Kalista, K."]
[Result "1-0"]
[WhiteElo "2050"]
[BlackElo "1860"]
[PlyCount "77"]
[EventDate "2000.??.??"]
[Source "ChessBase"]
[SourceDate "1996.11.15"]

1. d4 Nf6 2. c4 d6 3. Nc3 Nbd7 4. e4 e5 5. d5 Nc5 6. Qc2 a5 7. Be2 Be7 8. Be3
b6 9. h3 O-O 10. Nf3 Ne8 11. Bxc5 bxc5 12. Bd3 g6 13. g4 Ng7 14. Rg1 Kh8 15.
Qd2 Bd7 16. h4 Qc8 17. Nh2 f5 18. gxf5 gxf5 19. Qh6 Rf7 20. f3 Qf8 21. O-O-O f4
22. h5 Rf6 23. Rg6 Nxh5 24. Rxf6 Nxf6 25. Qxf8+ Rxf8 26. Nb5 c6 27. dxc6 Bxc6
28. Bf1 Rd8 29. Bh3 Ne8 30. Ng4 Bd7 31. Rh1 Bxg4 32. Bxg4 Nf6 33. Bf5 Rg8 34.
Nc7 Rg3 35. Nd5 Rg7 36. Nc7 Rg3 37. Ne6 Rxf3 38. Ng5 Rf2 39. Nxh7 $138 1-0

[Event "Plzen, FSB A"]
[Site "?"]
[Date "2000.??.??"]
[Round "2"]
[White "Dolezal sr., R."]
[Black "Vymazal, B."]
[Result "1-0"]
[WhiteElo "2050"]
[BlackElo "1830"]
[PlyCount "99"]
[EventDate "2000.??.??"]
[Source "ChessBase"]
[SourceDate "1996.11.15"]

1. e4 e5 2. Nf3 Nc6 3. Bb5 a6 4. Ba4 Nf6 5. O-O Be7 6. Re1 b5 7. Bb3 O-O 8. a4
b4 9. c3 bxc3 10. bxc3 d6 11. h3 Na5 12. Bc2 Re8 13. d4 Bb7 14. Nbd2 Bf8 15.
Rb1 Rb8 16. Bd3 Qd7 17. Qc2 c5 18. d5 Rec8 19. Nc4 Nxc4 20. Bxc4 h6 21. Nh4 Qc7
22. Nf5 Rd8 23. Qd3 Ra8 24. Qg3 Kh7 25. Qh4 Ng8 26. Bd2 g6 27. Ne3 Bc8 28. g4
Be7 29. Qg3 Bd7 30. Bb3 Rab8 31. Nc4 f5 32. gxf5 gxf5 33. Bc2 Nf6 34. Qh4 Ng8
35. Qh5 Rf8 36. exf5 Bf6 37. Qg6+ Kh8 38. Rxb8 Qxb8 39. Rb1 Qc7 40. Rb6 Be8 41.
Qg2 Ne7 42. Qf3 Rg8+ 43. Kf1 Nc8 44. Rb1 Kh7 45. Ne3 h5 46. c4 Ne7 47. Nd1 Rg7
48. Nc3 Ng8 49. Ne4 Qe7 50. Rb6 1-0

[Event "Plzen, FSB A"]
[Site "?"]
[Date "2000.??.??"]
[Round "2"]
[White "Laznicka, V."]
[Black "Kracik, D."]
[Result "1/2-1/2"]
[WhiteElo "1800"]
[BlackElo "2045"]
[PlyCount "102"]
[EventDate "2000.??.??"]
[Source "ChessBase"]
[SourceDate "1996.11.15"]

1. e4 c5 2. Nf3 d6 3. d4 cxd4 4. Nxd4 Nf6 5. Nc3 a6 6. Be3 e6 7. f3 Be7 8. g4
b5 9. Qd2 Bb7 10. O-O-O Nc6 11. h4 Nd7 12. g5 Nde5 13. f4 Nd7 14. f5 Nxd4 15.
Qxd4 e5 16. Qd2 Qa5 17. Kb1 b4 18. Nd5 Bxd5 19. Qxd5 Qxd5 20. Rxd5 h6 21. f6
gxf6 22. gxh6 Nc5 23. Bg2 O-O-O 24. Bh3+ Kc7 25. Bf5 Ne6 26. Ra5 Kb7 27. Ra4 d5
28. exd5 Nc7 29. c4 bxc3 30. bxc3 Nxd5 31. Bd2 Nb6 32. Be4+ Kc7 33. Rxa6 Rxd2
34. Ra7+ Kd6 35. Kc1 Nc4 36. Ra4 Kc5 37. Rxc4+ Kxc4 38. Kxd2 Rxh6 39. a4 Bc5
40. h5 Bb6 41. Bd3+ Kb3 42. Bc2+ Kc4 43. Rh4+ Kc5 44. Bb3 f5 45. Bxf7 f4 46.
Bg6 Kc4 47. Bd3+ Kb3 48. Bc2+ Kc4 49. Rh3 Kd5 50. Bd3 Ba5 51. Kc2 e4 1/2-1/2

[Event "Plzen, FSB A"]
[Site "?"]
[Date "2000.??.??"]
[Round "2"]
[White "Ptacek, M."]
[Black "Marous, R."]
[Result "1-0"]
[WhiteElo "2035"]
[BlackElo "1815"]
[PlyCount "67"]
[EventDate "2000.??.??"]
[Source "ChessBase"]
[SourceDate "1996.11.15"]

1. c4 Nf6 2. Nc3 e6 3. d4 b6 4. e4 Bb4 5. Bd3 Bb7 6. f3 d5 7. cxd5 Bxc3+ 8.
bxc3 exd5 9. e5 Nfd7 10. Be3 c5 11. f4 Nc6 12. Rc1 Qe7 13. Nf3 c4 14. Bb1 O-O-O
15. O-O f6 16. Bf2 Kb8 17. Nh4 g5 18. Nf5 Qe6 19. fxg5 fxe5 20. Bg3 Ka8 21.
dxe5 Ndxe5 22. Qe2 Qe8 23. Rce1 Nf7 24. Qg4 Qd7 25. Qh5 Rhg8 26. h4 Rde8 27.
Nd4 Nxd4 28. cxd4 Rxe1 29. Rxe1 Re8 30. Rf1 Nd8 31. Bxh7 Re7 32. Bf5 Qc6 33. g6
c3 34. Bc2 1-0

[Event "Plzen, FSB A"]
[Site "?"]
[Date "2000.??.??"]
[Round "2"]
[White "Skacel, J."]
[Black "Dvorak, M."]
[Result "1-0"]
[WhiteElo "2030"]
[BlackElo "1800"]
[PlyCount "101"]
[EventDate "2000.??.??"]
[Source "ChessBase"]
[SourceDate "1996.11.15"]

1. d4 Nf6 2. c4 g6 3. Nc3 d5 4. Bf4 Bg7 5. e3 O-O 6. Nf3 c6 7. Qb3 Qa5 8. Nd2
Na6 9. Be5 Qb4 10. Rc1 Be6 11. Bxf6 Bxf6 12. cxd5 Qxb3 13. Nxb3 cxd5 14. Bxa6
bxa6 15. Nc5 Rab8 16. b3 Rfc8 17. Kd2 Rc6 18. Nxe6 fxe6 19. f4 Rbc8 20. Na4 g5
21. g3 gxf4 22. gxf4 Bh4 23. Nc5 Bf2 24. Rhf1 Bh4 25. Nxe6 h6 26. Rg1+ Kh8 27.
Nc5 a5 28. Nd3 Bf6 29. Rxc6 Rxc6 30. Rc1 Rb6 31. Rc5 a4 32. b4 e6 33. Rc7 a6
34. a3 a5 35. bxa5 Ra6 36. Nc5 Rxa5 37. Rc6 Rb5 38. Rxe6 Kg7 39. Nxa4 h5 40.
Rc6 Be7 41. Rc7 Kf8 42. Nc3 Rb2+ 43. Kd3 Rxh2 44. a4 Bb4 45. Nxd5 Be1 46. e4 h4
47. e5 h3 48. Rh7 Rd2+ 49. Ke3 h2 50. e6 Kg8 51. Nf6+ 1-0

[Event "Plzen, FSB A"]
[Site "?"]
[Date "2000.??.??"]
[Round "2"]
[White "Jenc, M."]
[Black "Kovarik, J."]
[Result "1-0"]
[WhiteElo "1790"]
[BlackElo "2010"]
[PlyCount "74"]
[EventDate "2000.??.??"]
[Source "ChessBase"]
[SourceDate "1996.11.15"]

1. e4 g6 2. d4 Bg7 3. Bc4 c6 4. c3 b5 5. Bb3 a5 6. a4 b4 7. Qf3 e6 8. Ne2 d5 9.
Ng3 Ba6 10. Be3 Qf6 11. Qd1 h5 12. Qd2 Qe7 13. Bc2 Bh6 14. Bd3 Bxe3 15. Qxe3
Nf6 16. O-O h4 17. Bxa6 Nxa6 18. e5 hxg3 19. exf6 gxh2+ 20. Kh1 Qxf6 21. Nd2
O-O-O 22. Nf3 Rh5 23. Ne5 Kb7 24. Qe2 Rc8 25. Rfc1 Rh4 26. Rc2 Qf5 27. f3 f6
28. Nd3 e5 29. g4 Qg5 30. cxb4 e4 31. b5 Nb8 32. bxc6+ Rxc6 33. Nc5+ Kc8 34.
Qb5 Qf4 35. Qb7+ Kd8 36. Ne6+ Ke8 37. Nxf4 Rxc2 $138 1-0

[Event "Plzen, FSB A"]
[Site "?"]
[Date "2000.??.??"]
[Round "3"]
[White "Mirumian, V."]
[Black "Cernousek, L."]
[Result "0-1"]
[WhiteElo "2555"]
[BlackElo "2255"]
[PlyCount "56"]
[EventDate "2000.??.??"]
[Source "ChessBase"]
[SourceDate "1996.11.15"]

1. Nf3 c5 2. g3 Nf6 3. Bg2 Nc6 4. O-O d5 5. d4 e6 6. c4 dxc4 7. Ne5 Bd7 8. Nxc4
cxd4 9. Bf4 Nd5 10. Nd6+ Bxd6 11. Bxd6 Nde7 12. Nd2 e5 13. Qb3 Bc8 14. Qa3 f6
15. Rac1 Kf7 16. Qb3+ Be6 17. Qxb7 Qxd6 18. Rxc6 Qd8 19. Rc7 Rb8 20. Qxa7 Rxb2
21. Ne4 Re8 22. f4 d3 23. fxe5 dxe2 24. Nd6+ Kg8 25. Re1 Rxa2 26. Qb7 fxe5 27.
Qb6 Rf8 28. Nb7 Ra1 0-1

[Event "Plzen, FSB A"]
[Site "?"]
[Date "2000.??.??"]
[Round "3"]
[White "Novak, P."]
[Black "Konopka, M."]
[Result "0-1"]
[WhiteElo "2235"]
[BlackElo "2450"]
[PlyCount "49"]
[EventDate "2000.??.??"]
[Source "ChessBase"]
[SourceDate "1996.11.15"]

1. e4 Nf6 2. Nc3 d5 3. e5 Nfd7 4. d4 c5 5. e6 fxe6 6. Nf3 Nc6 7. Bb5 g6 8. h4
Bg7 9. Bxc6 bxc6 10. h5 cxd4 11. Nxd4 Nf8 12. hxg6 hxg6 13. Rxh8 Bxh8 14. Bh6
c5 15. Nb3 c4 16. Qf3 Bf6 17. Nd4 Bxd4 18. Qxf8+ Kd7 19. Qf3 Bb7 20. O-O-O Qh8
21. Qh3 g5 22. Nxd5 Bxd5 23. c3 g4 24. Qxg4 Qxh6+ 25. Kc2 0-1

[Event "Plzen, FSB A"]
[Site "?"]
[Date "2000.??.??"]
[Round "3"]
[White "Fiala, R."]
[Black "Lechtynsky, J."]
[Result "1/2-1/2"]
[WhiteElo "2235"]
[BlackElo "2405"]
[PlyCount "46"]
[EventDate "2000.??.??"]
[Source "ChessBase"]
[SourceDate "1996.11.15"]

1. e4 d6 2. d4 Nf6 3. f3 Nbd7 4. Be3 c6 5. c4 e5 6. Nc3 Be7 7. Qd2 a6 8. Nh3
exd4 9. Bxd4 b5 10. Nf2 O-O 11. Be2 Nb6 12. cxb5 axb5 13. b3 Be6 14. O-O b4 15.
Ncd1 c5 16. Bb2 d5 17. exd5 Qxd5 18. Qc1 Rfd8 19. Bd3 Qh5 20. Re1 Bd6 21. h3
Nfd5 22. Ne4 Nf4 23. Bf1 Ng6 1/2-1/2

[Event "Plzen, FSB A"]
[Site "?"]
[Date "2000.??.??"]
[Round "3"]
[White "Vavra, P."]
[Black "Spal, M."]
[Result "1-0"]
[WhiteElo "2390"]
[BlackElo "2235"]
[PlyCount "63"]
[EventDate "2000.??.??"]
[Source "ChessBase"]
[SourceDate "1996.11.15"]

1. e4 Nf6 2. Nc3 Nc6 3. d4 d5 4. e5 Nd7 5. Nxd5 Ndb8 6. Ne3 Qxd4 7. Qxd4 Nxd4
8. c3 Ne6 9. Nh3 c6 10. f4 Nc7 11. Ng5 f6 12. Nf3 Nd7 13. c4 fxe5 14. fxe5 g6
15. b3 Bg7 16. Bb2 O-O 17. h4 Nc5 18. h5 Bf5 19. Nxf5 gxf5 20. h6 Bh8 21. Rh5
e6 22. g4 fxg4 23. Rg5+ Kf7 24. Rxg4 Ke8 25. Ng5 Rg8 26. Nxe6 Rxg4 27. Nxc7+
Kd8 28. Nxa8 Re4+ 29. Kf2 Bxe5 30. Rd1+ Ke7 31. Bc1 Bd4+ 32. Kf3 1-0

[Event "Plzen, FSB A"]
[Site "?"]
[Date "2000.??.??"]
[Round "3"]
[White "Gross, S."]
[Black "Mikuev, E."]
[Result "1-0"]
[WhiteElo "2355"]
[BlackElo "2225"]
[PlyCount "129"]
[EventDate "2000.??.??"]
[Source "ChessBase"]
[SourceDate "1996.11.15"]

1. c4 c5 2. Nf3 Nc6 3. Nc3 e5 4. g3 g6 5. Bg2 Bg7 6. O-O Nge7 7. Ne1 O-O 8. Nc2
Rb8 9. Rb1 a5 10. a3 d6 11. b4 axb4 12. axb4 cxb4 13. Nxb4 Nxb4 14. Rxb4 Be6
15. d3 d5 16. cxd5 Nxd5 17. Nxd5 Bxd5 18. Rb5 Bxg2 19. Kxg2 Qd7 20. Qb3 Qc6+
21. Kg1 Rfc8 22. Ba3 Qc2 23. Bd6 Ra8 24. Rxb7 Qxb3 25. Rxb3 h5 26. Rfb1 Rc2 27.
Rb8+ Rxb8 28. Rxb8+ Kh7 29. Kf1 Rc6 30. Ba3 Re6 31. Rb7 Kg8 32. Bb2 Bf6 33. h3
Kg7 34. Rb4 Rd6 35. Kg2 Rd5 36. Kf3 Rc5 37. Kg2 Rd5 38. Kf1 Be7 39. Rb7 Bd6 40.
Rb6 Bc7 41. Rc6 Rb5 42. Ba3 Bb8 43. g4 hxg4 44. hxg4 f5 45. g5 Rb7 46. Kg2 Ba7
47. Bd6 Bb8 48. Ba3 Kf7 49. Bc1 Bc7 50. f4 exf4 51. Kf3 Be5 52. Bxf4 Bxf4 53.
Kxf4 Re7 54. e3 Rd7 55. d4 Re7 56. d5 Re4+ 57. Kf3 Re5 58. Rf6+ Kg7 59. d6 Rd5
60. Ke2 Kh7 61. Kf2 Kg7 62. Kf3 Rd3 63. Kf4 Rd5 64. e4 Rd4 65. Ke5 1-0

[Event "Plzen, FSB A"]
[Site "?"]
[Date "2000.??.??"]
[Round "3"]
[White "Neuman, P."]
[Black "Bartos, J."]
[Result "1-0"]
[WhiteElo "2330"]
[BlackElo "2175"]
[PlyCount "55"]
[EventDate "2000.??.??"]
[Source "ChessBase"]
[SourceDate "1996.11.15"]

1. d4 d5 2. c4 c6 3. Nf3 Nf6 4. Nc3 a6 5. c5 Nbd7 6. Bf4 Nh5 7. Bd2 Nhf6 8. h3
e5 9. dxe5 Ne4 10. e6 fxe6 11. Nxe4 dxe4 12. Ng5 Nxc5 13. b4 h6 14. bxc5 hxg5
15. Qc2 Qd5 16. Be3 Be7 17. Rd1 Qf5 18. g4 Qe5 19. Bg2 Bd8 20. Bxe4 Ba5+ 21.
Kf1 O-O 22. Kg2 Qf6 23. h4 gxh4 24. g5 Qc3 25. Bh7+ Kh8 26. Qe4 Rd8 27. Rxd8+
Bxd8 28. Qxh4 1-0

[Event "Plzen, FSB A"]
[Site "?"]
[Date "2000.??.??"]
[Round "3"]
[White "Namyslo, H."]
[Black "Schauer, J."]
[Result "1-0"]
[WhiteElo "2325"]
[BlackElo "2140"]
[PlyCount "59"]
[EventDate "2000.??.??"]
[Source "ChessBase"]
[SourceDate "1996.11.15"]

1. e4 c5 2. Nf3 d6 3. d4 cxd4 4. Nxd4 Nf6 5. Nc3 e6 6. Be2 Be7 7. O-O a6 8. f4
Qc7 9. Be3 O-O 10. Qe1 b5 11. Bf3 Bb7 12. a3 Nbd7 13. Qg3 Rfc8 14. e5 dxe5 15.
fxe5 Nxe5 16. Bxb7 Qxb7 17. Qxe5 Ng4 18. Qf4 Nxe3 19. Qxe3 Bc5 20. Kh1 Qa7 21.
Rad1 Rd8 22. Nce2 Rd5 23. Qf3 Rad8 24. Nc6 Rxd1 25. Nxa7 Rxf1+ 26. Qxf1 Bxa7
27. g3 h6 28. Qf3 Bb8 29. Qc6 Be5 30. c3 1-0

[Event "Plzen, FSB A"]
[Site "?"]
[Date "2000.??.??"]
[Round "3"]
[White "Reitinger, P."]
[Black "Jirka, J."]
[Result "0-1"]
[WhiteElo "2120"]
[BlackElo "2300"]
[PlyCount "78"]
[EventDate "2000.??.??"]
[Source "ChessBase"]
[SourceDate "1996.11.15"]

1. e4 e5 2. d4 exd4 3. Qxd4 Nc6 4. Qe3 Nf6 5. Nc3 Bb4 6. Bd2 O-O 7. O-O-O Re8
8. Bc4 Qe7 9. f3 Ne5 10. Bb3 c6 11. g4 Bc5 12. Qe2 Ng6 13. h4 Nf8 14. Qg2 b5
15. h5 a5 16. a4 b4 17. Nce2 d5 18. g5 N6d7 19. exd5 Bxg1 20. Nxg1 Nc5 21. Bc4
cxd5 22. Re1 Qd8 23. Rxe8 Qxe8 24. Bxd5 Qxa4 25. Be3 Bb7 26. f4 Rd8 27. c4 bxc3
28. Qc2 Nd3+ 29. Qxd3 Rxd5 30. Qxd5 Bxd5 31. Rh3 Qa1+ 32. Kc2 Qxb2+ 33. Kd3 c2
34. Ne2 Qb3+ 35. Kd4 Ne6+ 36. Ke5 Bc6 37. Nc3 Qxc3+ 38. Kd6 c1=R 39. Bxc1 Qxh3
0-1

[Event "Plzen, FSB A"]
[Site "?"]
[Date "2000.??.??"]
[Round "3"]
[White "Pliva, V."]
[Black "Vokac, M."]
[Result "0-1"]
[WhiteElo "2170"]
[BlackElo "2520"]
[PlyCount "78"]
[EventDate "2000.??.??"]
[Source "ChessBase"]
[SourceDate "1996.11.15"]

1. Nf3 g6 2. d4 Bg7 3. c4 c5 4. Nc3 cxd4 5. Nxd4 Nc6 6. e3 Nf6 7. Be2 O-O 8.
O-O d6 9. b3 Bd7 10. Bb2 Qa5 11. Qc2 Rfc8 12. a3 a6 13. Rfd1 b5 14. cxb5 Nxd4
15. exd4 axb5 16. b4 Qb6 17. Qb3 Be6 18. d5 Bg4 19. Re1 Bxe2 20. Rxe2 Ng4 21.
Nd1 Bxb2 22. Nxb2 Rc7 23. Rae1 Rac8 24. Nd1 Ne5 25. Re4 Rc1 26. Qe3 Qxe3 27.
R4xe3 R8c2 28. Kf1 Kf8 29. h3 g5 30. g3 h5 31. f3 Nc4 32. R3e2 Rxe2 33. Kxe2
Nxa3 34. Ne3 Rc3 35. Kf2 Nc2 36. Nxc2 Rxc2+ 37. Kg1 Rc4 38. Re4 Rxe4 39. fxe4
Kg7 0-1

[Event "Plzen, FSB A"]
[Site "?"]
[Date "2000.??.??"]
[Round "3"]
[White "Votava, J."]
[Black "Smistik, M."]
[Result "1-0"]
[WhiteElo "2505"]
[BlackElo "2165"]
[PlyCount "53"]
[EventDate "2000.??.??"]
[Source "ChessBase"]
[SourceDate "1996.11.15"]

1. e4 c5 2. Nf3 d6 3. d4 cxd4 4. Nxd4 Nf6 5. Nc3 a6 6. Bg5 e6 7. f4 Nc6 8. e5
dxe5 9. Nxc6 Qxd1+ 10. Rxd1 bxc6 11. fxe5 Nd5 12. Ne4 h6 13. Bd2 Rb8 14. b3 Be7
15. Nd6+ Bxd6 16. exd6 O-O 17. c4 Nf6 18. Ba5 e5 19. Be2 Be6 20. O-O Nd7 21.
Bf3 c5 22. Bc7 Rbe8 23. a4 e4 24. Bxe4 Bxc4 25. Bc6 Bxf1 26. Bxd7 Rd8 27. Bg4
1-0

[Event "Plzen, FSB A"]
[Site "?"]
[Date "2000.??.??"]
[Round "3"]
[White "Cvek, R."]
[Black "Vasicek, M."]
[Result "1-0"]
[WhiteElo "2405"]
[BlackElo "2165"]
[PlyCount "67"]
[EventDate "2000.??.??"]
[Source "ChessBase"]
[SourceDate "1996.11.15"]

1. c4 e5 2. Nc3 Bb4 3. g3 Nf6 4. Bg2 O-O 5. e4 Nc6 6. Nge2 d6 7. O-O Bxc3 8.
bxc3 Be6 9. d3 Qd7 10. f4 Bh3 11. f5 Bxg2 12. Kxg2 Ne8 13. g4 f6 14. Rf3 Qf7
15. Rg3 Ne7 16. Ng1 c6 17. Ba3 Rd8 18. Qb3 b6 19. Nf3 Kh8 20. Nh4 g5 21. Nf3
Kg7 22. h4 h6 23. Rh1 Rh8 24. Rgh3 Nc7 25. hxg5 fxg5 26. d4 Qf6 27. Rf1 Ng8 28.
Qa4 b5 29. Qxa7 Rd7 30. c5 Rf7 31. Qb6 Ne7 32. cxd6 Ned5 33. exd5 Nxd5 34. dxe5
1-0

[Event "Plzen, FSB A"]
[Site "?"]
[Date "2000.??.??"]
[Round "3"]
[White "Vreugdenhil, F."]
[Black "Zvara, P."]
[Result "0-1"]
[WhiteElo "2145"]
[BlackElo "2360"]
[PlyCount "32"]
[EventDate "2000.??.??"]
[Source "ChessBase"]
[SourceDate "1996.11.15"]

1. e4 c5 2. Nf3 e6 3. d4 cxd4 4. Nxd4 a6 5. c4 Nf6 6. Nc3 Bb4 7. e5 Ne4 8. Qg4
Nxc3 9. a3 Bf8 10. bxc3 d6 11. f4 dxe5 12. fxe5 Nd7 13. Qg3 Qa5 14. Bf4 g5 15.
Bxg5 Rg8 16. Bd8 Kxd8 0-1

[Event "Plzen, FSB A"]
[Site "?"]
[Date "2000.??.??"]
[Round "3"]
[White "Freisler, P."]
[Black "Chrz, P."]
[Result "1-0"]
[WhiteElo "2360"]
[BlackElo "2155"]
[PlyCount "55"]
[EventDate "2000.??.??"]
[Source "ChessBase"]
[SourceDate "1996.11.15"]

1. Nf3 Nf6 2. c4 e6 3. g3 b6 4. Bg2 Bb7 5. Nc3 c5 6. O-O Be7 7. d4 cxd4 8. Qxd4
O-O 9. Rd1 Nc6 10. Qd2 a6 11. b3 Bb4 12. Bb2 Qc7 13. Rac1 Rfd8 14. Qc2 Rac8 15.
Ng5 h6 16. Nge4 Be7 17. Nd5 Nxd5 18. cxd5 exd5 19. Nc3 Nb4 20. Qd2 Qb8 21. a3
d4 22. Qxd4 Bxg2 23. Nd5 Bf8 24. Ne7+ Kh8 25. Rxc8 Rxc8 26. Nxc8 Bc6 27. Ne7
Nc2 28. Qd2 1-0

[Event "Plzen, FSB A"]
[Site "?"]
[Date "2000.??.??"]
[Round "3"]
[White "Weiss, O."]
[Black "Dolezal jr., R."]
[Result "1/2-1/2"]
[WhiteElo "2140"]
[BlackElo "2355"]
[PlyCount "23"]
[EventDate "2000.??.??"]
[Source "ChessBase"]
[SourceDate "1996.11.15"]

1. d4 Nf6 2. Nf3 e6 3. e3 b6 4. Bd3 Bb7 5. Nbd2 c5 6. c3 d5 7. Ne5 Nfd7 8. f4
g6 9. O-O f5 10. Ndf3 Bg7 11. Bd2 O-O 12. Be1 1/2-1/2

[Event "Plzen, FSB A"]
[Site "?"]
[Date "2000.??.??"]
[Round "3"]
[White "Kriz, L."]
[Black "Vyskocil, N."]
[Result "1/2-1/2"]
[WhiteElo "2130"]
[BlackElo "2330"]
[PlyCount "27"]
[EventDate "2000.??.??"]
[Source "ChessBase"]
[SourceDate "1996.11.15"]

1. e4 c5 2. Nf3 e6 3. d4 cxd4 4. Nxd4 a6 5. c4 Nf6 6. Nc3 Qc7 7. Bd3 g6 8. O-O
Bg7 9. Be3 d6 10. Rc1 O-O 11. f3 Nbd7 12. b3 b6 13. Qd2 Bb7 14. Qf2 1/2-1/2

[Event "Plzen, FSB A"]
[Site "?"]
[Date "2000.??.??"]
[Round "3"]
[White "Hlavnicka, J."]
[Black "Nosek, F."]
[Result "0-1"]
[WhiteElo "2305"]
[BlackElo "2125"]
[PlyCount "108"]
[EventDate "2000.??.??"]
[Source "ChessBase"]
[SourceDate "1996.11.15"]

1. Nf3 Nf6 2. c4 c5 3. Nc3 Nc6 4. d4 cxd4 5. Nxd4 g6 6. e4 d6 7. Be2 Bg7 8. Be3
O-O 9. O-O Nxd4 10. Bxd4 b6 11. Qd3 Bb7 12. Rac1 Nd7 13. Bxg7 Kxg7 14. f4 Qc7
15. Nd5 Qd8 16. Bg4 Rc8 17. Nc3 Kg8 18. Qh3 Nf6 19. Bxc8 Qxc8 20. Qxc8 Rxc8 21.
Nd5 Bxd5 22. exd5 Ne4 23. f5 Rc7 24. Rf4 Nc5 25. fxg6 hxg6 26. Rd1 Nd7 27. b3
Ne5 28. Rd2 Kg7 29. Kf2 g5 30. Re4 f5 31. Re1 Rc8 32. h3 Rh8 33. Rd4 Kf6 34.
Ke2 f4 35. b4 Rh4 36. Kf1 Rh8 37. c5 bxc5 38. bxc5 dxc5 39. Ra4 Rd8 40. Rxa7
Rxd5 41. Rc7 c4 42. a4 Ra5 43. Ra1 Ke6 44. Ke2 Kd6 45. Rb7 Nc6 46. Kf3 Nd4+ 47.
Ke4 e5 48. Rb6+ Kc5 49. Rg6 Nb3 50. Rd1 Rxa4 51. Kxe5 c3 52. Rd5+ Kb4 53. Rb6+
Ka3 54. Rdb5 Nd2 0-1

[Event "Plzen, FSB A"]
[Site "?"]
[Date "2000.??.??"]
[Round "3"]
[White "Kolago, M."]
[Black "Svub, J."]
[Result "1-0"]
[WhiteElo "2270"]
[BlackElo "2110"]
[PlyCount "89"]
[EventDate "2000.??.??"]
[Source "ChessBase"]
[SourceDate "1996.11.15"]

1. e4 c5 2. Nf3 d6 3. c3 Nf6 4. h3 e6 5. Bd3 Be7 6. Bc2 e5 7. O-O O-O 8. d4 Nc6
9. Re1 Qc7 10. d5 Nb8 11. Nh2 Ne8 12. g4 g6 13. Bh6 Ng7 14. Nd2 Qd8 15. Ndf3
Na6 16. Kh1 Bd7 17. Rg1 Nc7 18. Nf1 Rb8 19. Ne3 Nce8 20. Qd2 Kh8 21. Rg2 f6 22.
Nh2 Rf7 23. f4 exf4 24. Bxf4 Rc8 25. Rf1 Nc7 26. Rgf2 Na6 27. Bg3 Rf8 28. Bh4
Kg8 29. Kg1 Nb8 30. e5 Ne8 31. e6 Bb5 32. c4 Ba6 33. a4 b6 34. Ng2 Kg7 35. b3
Bb7 36. Qc3 Kg8 37. Rf3 Na6 38. Be1 Nb4 39. Be4 a6 40. Qe3 Kg7 41. Bc3 Ba8 42.
g5 Kg8 43. Ng4 Kg7 44. gxf6+ Bxf6 45. Qh6+ 1-0

[Event "Plzen, FSB A"]
[Site "?"]
[Date "2000.??.??"]
[Round "3"]
[White "Vanek, T."]
[Black "Korenova, M."]
[Result "1-0"]
[WhiteElo "2030"]
[BlackElo "2265"]
[PlyCount "113"]
[EventDate "2000.??.??"]
[Source "ChessBase"]
[SourceDate "1996.11.15"]

1. d4 Nf6 2. Nf3 g6 3. e3 Bg7 4. Bd3 d6 5. b3 Nc6 6. O-O O-O 7. Nbd2 e5 8. dxe5
dxe5 9. Ba3 Re8 10. Ne4 Bf5 11. Nfd2 Nd5 12. Qe2 Ncb4 13. Rfd1 Nxd3 14. Qxd3
Nf6 15. Nxf6+ Qxf6 16. e4 Bg4 17. f3 Qb6+ 18. Kf1 Rad8 19. Nc4 Qf6 20. Qe2 Be6
21. Ne3 c6 22. Rxd8 Qxd8 23. c4 f5 24. Rd1 Qh4 25. g3 Qg5 26. Bc1 Qh5 27. exf5
gxf5 28. Nc2 e4 29. f4 Qxe2+ 30. Kxe2 Kf7 31. Ba3 Bf6 32. Ke3 h5 33. Bd6 h4 34.
c5 hxg3 35. hxg3 Rh8 36. Be5 Rh3 37. Rg1 Bh4 38. Kf2 Be7 39. Bd4 Bd5 40. Ne3
Ke6 41. g4 fxg4 42. f5+ Kf7 43. Rxg4 Bf6 44. Bxf6 Kxf6 45. Rg3 Rh2+ 46. Rg2
Rxg2+ 47. Kxg2 Kg5 48. Kf2 a5 49. Kg3 a4 50. Nxd5 cxd5 51. bxa4 Kxf5 52. c6
bxc6 53. a5 d4 54. a6 d3 55. Kf2 Kf4 56. a7 e3+ 57. Ke1 1-0

[Event "Plzen, FSB A"]
[Site "?"]
[Date "2000.??.??"]
[Round "3"]
[White "Folk, P."]
[Black "Brousek, J."]
[Result "1/2-1/2"]
[WhiteElo "2260"]
[BlackElo "2050"]
[PlyCount "59"]
[EventDate "2000.??.??"]
[Source "ChessBase"]
[SourceDate "1996.11.15"]

1. e4 e6 2. d4 d5 3. Nd2 Nf6 4. e5 Nfd7 5. Bd3 c5 6. c3 Nc6 7. Ne2 Qb6 8. Nf3
cxd4 9. cxd4 f6 10. exf6 Nxf6 11. O-O Bd6 12. a3 O-O 13. Nc3 e5 14. dxe5 Nxe5
15. Be2 Nxf3+ 16. Bxf3 d4 17. Ne2 Ng4 18. Ng3 Ne5 19. Be4 Bg4 20. Qd2 Rac8 21.
b3 Be6 22. Bb2 d3 23. Bxd3 Nxd3 24. Qxd3 Bxg3 25. Qxg3 Rf7 26. Rac1 Rxc1 27.
Rxc1 h6 28. Rc3 Qd8 29. Rd3 Qc7 30. Qxc7 1/2-1/2

[Event "Plzen, FSB A"]
[Site "?"]
[Date "2000.??.??"]
[Round "3"]
[White "Dvorak, T."]
[Black "Epitashvili, K."]
[Result "1/2-1/2"]
[WhiteElo "2220"]
[BlackElo "2100"]
[PlyCount "102"]
[EventDate "2000.??.??"]
[Source "ChessBase"]
[SourceDate "1996.11.15"]

1. e4 c5 2. Nf3 d6 3. d4 cxd4 4. Nxd4 Nf6 5. Nc3 a6 6. Be3 e6 7. f3 b5 8. g4
Bb7 9. Qd2 Nc6 10. O-O-O Nxd4 11. Qxd4 Qa5 12. h4 b4 13. Nb1 d5 14. h5 Nd7 15.
h6 Bc5 16. Qd2 Bxe3 17. Qxe3 g6 18. exd5 Bxd5 19. Bd3 Qc5 20. Qe2 Bxa2 21. Bxa6
Bd5 22. Bb5 Ra7 23. Bxd7+ Rxd7 24. Qe5 Rf8 25. g5 Rc7 26. Rh2 Bxf3 27. Qxc5
Rxc5 28. Rd3 Bd5 29. Rh4 b3 30. Nc3 bxc2 31. b4 Rc4 32. Nxd5 exd5 33. Rxc4 dxc4
34. Rd5 Ke7 35. Kxc2 Rc8 36. Kc3 f6 37. gxf6+ Kxf6 38. Rd7 g5 39. Rg7 Kf5 40.
b5 g4 41. Ra7 Rc5 42. Kb4 Rc8 43. b6 Kg6 44. Rg7+ Kxh6 45. Rxg4 c3 46. Rg1 c2
47. Rc1 Kg5 48. Kb5 Rc3 49. b7 Ra3 50. Kc6 Rc3+ 51. Kd6 Rb3 1/2-1/2

[Event "Plzen, FSB A"]
[Site "?"]
[Date "2000.??.??"]
[Round "3"]
[White "Houska, B."]
[Black "Orsag, M."]
[Result "1/2-1/2"]
[WhiteElo "1960"]
[BlackElo "2205"]
[PlyCount "46"]
[EventDate "2000.??.??"]
[Source "ChessBase"]
[SourceDate "1996.11.15"]

1. Nf3 d5 2. g3 c5 3. Bg2 Nf6 4. O-O Bg4 5. d3 Nc6 6. Nbd2 Qd7 7. e4 dxe4 8.
Nxe4 Nxe4 9. dxe4 Qxd1 10. Rxd1 Ne5 11. Nxe5 Bxd1 12. Be3 Rd8 13. Bf1 a6 14.
Bd3 Bh5 15. Bxc5 f6 16. Nc4 e6 17. Bb6 Rc8 18. Na5 Bf3 19. a3 Be7 20. Re1 Rb8
21. Bc7 Rc8 22. Bb6 Rb8 23. Bc7 Rc8 1/2-1/2

[Event "Plzen, FSB A"]
[Site "?"]
[Date "2000.??.??"]
[Round "3"]
[White "Balin, J."]
[Black "Hrbolka sr., L."]
[Result "1/2-1/2"]
[WhiteElo "2070"]
[BlackElo "2205"]
[PlyCount "83"]
[EventDate "2000.??.??"]
[Source "ChessBase"]
[SourceDate "1996.11.15"]

1. d4 c5 2. d5 e5 3. e4 d6 4. c4 Be7 5. Nc3 Nf6 6. Bd3 O-O 7. Nge2 Nh5 8. Qc2
Bg5 9. O-O Bxc1 10. Raxc1 Nd7 11. Ng3 Ndf6 12. Nd1 a6 13. a3 Nf4 14. Ne3 g6 15.
b4 b6 16. Ne2 N6h5 17. g3 Nh3+ 18. Kh1 Qg5 19. Ng2 Qe7 20. Ne3 Bd7 21. Rce1
Rae8 22. f3 Ng7 23. Ng2 f5 24. Ng1 fxe4 25. Bxe4 Ng5 26. Qd2 Rf7 27. Qe2 Ref8
28. Ne3 Qd8 29. Kg2 Qc8 30. Kh1 Nh5 31. Bb1 Nh3 32. Be4 Qd8 33. Qg2 Qc8 34. Qc2
Nxg1 35. Kxg1 Kg7 36. Qe2 cxb4 37. axb4 a5 38. c5 bxc5 39. bxa5 Bh3 40. Rf2 Nf6
41. Nc4 Qc7 42. Qd3 1/2-1/2